Derecho pb︢lico en el siglo XXI Regulacin̤ del mercado, contratacin̤ pb︢lica y derechos humanos /

Detalles Bibliográficos
Autor principal: Cubides Cr̀denas, Jaime
Formato: eBook
Lenguaje:español
Publicado: Bogot:̀ Universidad Catl̤ica de Colombia, 2016
Materias:
Acceso en línea:Acceso restringido

MARC

LEADER 00000nam a22000007a 4500
005 20181030232821.0
007 cr|||| ||||
008 181030s2016 co |||||s|||| 00||0 spa d
020 |a 978-958-8934-38-9 
035 |a 22104 
040 |a vLex 
090 |c 8229  |d 8229 
100 1 |a Cubides Cr̀denas, Jaime 
245 1 0 |a Derecho pb︢lico en el siglo XXI  |h [Recurso electrn̤ico] :  |b Regulacin̤ del mercado, contratacin̤ pb︢lica y derechos humanos /  |c Jaime Cubides Cr̀denas 
256 |a Servicio en ln̕ea 
260 |a Bogot:̀  |b Universidad Catl̤ica de Colombia,  |c 2016 
300 |a 1 recurso electrn̤ico 
506 1 |a Disponible solo en los productos indicados  |d vLex Global  |d vLex Global (Academic Edition, excluding Law Schools)  |d vLex Global (U.S. Academic Edition, Law Schools)  |d vLex Global (U.S. Academic Edition, excluding Law Schools)  |d vLex Global (Academic Edition, Law Schools) 
650 0 4 |a Derecho Pb︢lico y Administrativo  |z Colombia 
740 0 |a vLex Libros (Servicio en ln̕ea) 
856 4 0 |u http://vlex.com/source/derecho-publico-siglo-xxi-regulacion-mercado-contratacion-publica-derechos-humanos-22104  |z Acceso restringido 
942 |c BOOK 
999 0 |a Public and Administrative Law